000 00617nam a2200241 a 4500
001 nice12345678
003 IN_TiNIC
005 20260116014929.0
008 100209s1988 lona grp 000 0 eng
020 _a9780281043873
_c350
082 0 0 _a248.4
_bBAR
100 _aBarton, John
245 _aPeople of the Book? the Authority of the Bible in Christianity
260 _aLondon
_bSPCK
_c1988
300 _a96p
500 _aincludes index and biblioraphy
505 2 _aBibliography, Index
650 _aChristian-Life
700 1 _aBarton, John
902 _bSRS
942 _cBK
999 _c17591
_d17591